Historia transferowa piłkarzy #3 - Statystyki

Ogólne statystyki
  • Ten quiz został rozwiązany 97 razy
  • Średni wynik to 5 z 10
Statystyki odpowiedzi
Zagadnienie Odpowiedź % Poprawnych
Arturo Vidal Colo Colo-Bayer Leverkusen-Juventus-Bayern-Barcelona-Inter Mediolan
100%
Christian Eriksen Ajax Amsterdam-Tottenham-Inter Mediolan
50%
Bukayo Saka Arsenal
50%
Thiago Alcantara Barcelona-Bayern-Liverpool
50%
Pedro Barcelona-Chelsea-AS Roma
50%
Erling Braut Haaland Bryne FK-Molde-RB Salzburg-Borussia Dortmund
50%
Marquinhos Corinthians-AS Roma-Corinthians-AS Roma-PSG
50%
Jadon Sancho Manchester City-Borussia Dortmund
50%
Kingsley Coman PSG-Juventus-Bayern-Juventus-Bayern
50%
Lautaro Martinez Racing Club-Inter Mediolan
0%
Nie znaleziono quizów pasujących do podanych kryteriów
Rozkład punktacji
Procent ludzi z każdym wynikiem
Percentyl według liczby udzielonych odpowiedzi
Twoja historia wyników
Nie rozwiązałeś tego quizu